| 000 | 00382nam a2200157 4500 | ||
|---|---|---|---|
| 005 | 20260519123201.0 | ||
| 008 | 260430b |||||||| |||| 00| 0 eng d | ||
| 020 | _a9780684837888 | ||
| 082 |
_a813 _bHEM-A |
||
| 100 | _aHemingway Ernest | ||
| 245 | _aA Farewell To Arms | ||
| 260 |
_aNew York _bCharles Scribner,s Sons |
||
| 300 | _a268p | ||
| 650 | _aEnglish | ||
| 942 | _cBK | ||
| 999 |
_c47443 _d47443 |
||